| 000 | 00889nam a2200265 a 4500 | ||
|---|---|---|---|
| 001 | 68768 | ||
| 003 | BD-RjUL | ||
| 005 | 20211209081816.0 | ||
| 008 | 170405s1978 enka b 001 0 eng d | ||
| 020 | _a0521218667. | ||
| 020 | _a0521292972 pbk. | ||
| 035 | _a(BD-RjUL)68979 | ||
| 040 |
_aDLC _cDLC _dDLC _dBD-RjUL _beng |
||
| 041 | _aeng | ||
| 082 | 0 | 0 |
_222 _a581.3 _bISO 1978 |
| 245 | 0 | 0 |
_aIsolation of plant growth substances / _cedited by J. R. Hillman. |
| 260 |
_aCambridge ; _aNew York : _bCambridge University Press, _c1978. |
||
| 300 |
_a157 p. : _bill. ; _c24 cm. |
||
| 490 | 1 |
_aSeminar series - Society for Experimental Biology ; _v4 |
|
| 504 | _aIncludes bibliographies and index. | ||
| 650 | 0 |
_aPlant regulators _9203796 |
|
| 700 | 1 |
_aHillman, John R. _9227331 |
|
| 830 | 0 |
_aSeminar series (Society for Experimental Biology (Great Britain)) ; _v4. _9227332 |
|
| 942 |
_2ddc _cBK |
||
| 999 |
_c68768 _d68768 |
||